| 000 | 00723nam a2200229 4500 | ||
|---|---|---|---|
| 003 | OSt | ||
| 005 | 20240619065147.0 | ||
| 006 | a | ||
| 008 | 240619b |||||||| |||| 00| 0 eng d | ||
| 020 | _a9789814424783 | ||
| 040 |
_aDWCL-HMN lib. _cOC |
||
| 082 |
_2Second, Philippine edition _aCirc. 910 M269a 2013 |
||
| 100 | _aMancini, Marc | ||
| 245 | _aAccess : introduction to travel and tourism / | ||
| 250 | _aSecond, Philippine edition | ||
| 260 |
_aPasig City : _bCengage Learning Asia Pte Ltd., _cc2013. |
||
| 300 |
_axix, _b313 p. : ill. ; _c24 cm. |
||
| 504 | _aIncludes glossary & index. | ||
| 650 | _a1. Travel. | ||
| 650 | _a2. Tourist trade. | ||
| 942 |
_2ddc _n0 _cBK-CIRC _eSecond, Philippine edition _kCirc. |
||
| 999 |
_c899 _d899 |
||